000
00292nam a22001337a 4500
008
180926b xxu||||| |||| 00| 0 eng d
020
_a
9780070504943
041
_a
eng
080
_2
8th
_a
33
100
_a
58
101
_a
BIZ
245
_a
Business and Society
_c
Post,J.E
942
_2
udc
_c
BK
999
_c
48488
_d
48488